00694 2200217 4500001002100000005001700021008004100038035002500079082001400104090002000118100001900138245007200157260009600229300002600325500003100351650003700382700001700419700001700436850001200453990001100465YOGYA-0209000006650220150429093623.0 ind  a0010-020900000066502 a499.252 3 a499.252 3 Dur M aDURASID, Durje aMorfosintaksis bahasa KatingancDurje Durasid, Aries Jinal, Jantera aJakartabPusat Pembinaan dan Pengembangan Bahasa Departemen Pendidikan dan Kebudayaanc1986 axiv, 120 hlm.c21 cm. aBibliografi : hlm. 110-111 aBahasa Katingan - Morfosintaksis aJinal, Aries aKawi, Janten aYOPDYOG a1240-A